[Event "DVM U12 2015"]
[Site "Magdeburg GER"]
[Date "2015.12.28"]
[Round "3"]
[White "Sowka, Patrick"]
[Black "Müdder, Melanie"]
[Result "0-1"]
[Termination "normal"]
[Board "4.3"]
[WhiteElo "1418"]
[BlackElo "1544"]
[WhiteTeam "FC Ergolding 1932"]
[BlackTeam "Rheydter SV 1920"]
[PlyCount "98"]
[WhiteFideId "16234944"]
[BlackFideId "12994103"]
[EventCountry "GER"]
[EventRounds "7"]
[EventType "team-swiss"]
[EventDate "2015.12.26"]

1. d4 Nf6 2. c4 c5 3. Nf3 cxd4 4. Nxd4 b6 5. Nc3 Bb7 6. f3 a6 7. e4 Qc7 8. Be3
e6 9. Be2 Bd6 10. h3 Nh5 11. O-O Bh2+ 12. Kh1 Ng3+ 13. Kxh2 Nxf1+ 14. Kg1 Nxe3
15. Qd3 Qf4 16. Kf2 Nxg2 17. Kxg2 Nc6 18. Nxc6 Bxc6 19. Qd4 O-O 20. Rg1 e5 21.
Qd3 Rfe8 22. a4 Re6 23. b4 Rg6+ 24. Kf1 Rxg1+ 25. Kxg1 Qg3+ 26. Kf1 Qxh3+ 27.
Ke1 h5 28. Bf1 Qg3+ 29. Kd2 Qf2+ 30. Kd1 Qd4 31. Kd2 Qxd3+ 32. Kxd3 f6 33. Bh3
Kf7 34. Bf5 g5 35. Ke2 d6 36. Nd5 Bxd5 37. exd5 Ke7 38. Kd3 Rg8 39. Be6 h4 40.
Ke3 Rh8 41. Bh3 Rf8 42. Ke4 f5+ 43. Bxf5 Rxf5 44. Kxf5 h3 45. a5 h2 46. axb6
h1=Q 47. b7 Qxf3+ 48. Kg6 Qf6+ 49. Kh5 Qh8+ 0-1

[Event "DVM U12 2015"]
[Site "Magdeburg GER"]
[Date "2015.12.28"]
[Round "3"]
[White "Leßmann, Sönke"]
[Black "Handschuh, Felix"]
[Result "1-0"]
[Termination "normal"]
[Board "4.4"]
[WhiteElo "1348"]
[BlackElo "1148"]
[WhiteTeam "Rheydter SV 1920"]
[BlackTeam "FC Ergolding 1932"]
[PlyCount "63"]
[WhiteFideId "16222520"]
[BlackFideId "12997447"]
[EventCountry "GER"]
[EventRounds "7"]
[EventType "team-swiss"]
[EventDate "2015.12.26"]

1. e4 e6 2. d3 d5 3. Nd2 Nc6 4. g3 Nf6 5. Bg2 Be7 6. Nh3 e5 7. O-O O-O 8. Qe1
Nb4 9. Qd1 Bg4 10. f3 Bxh3 11. Bxh3 Bc5+ 12. Kh1 Qd6 13. a3 Nc6 14. Nb3 Rad8
15. Bg5 h6 16. Bxf6 Qxf6 17. Nxc5 b6 18. Nd7 Qg6 19. Nxf8 Rxf8 20. exd5 Ne7 21.
Qe2 Qh5 22. Bg2 Nf5 23. Qxe5 Nxg3+ 24. Qxg3 Qxd5 25. Qxc7 Qa5 26. Rae1 Qd2 27.
Qc3 Qg5 28. Rg1 Qf5 29. Qe5 Qd7 30. Bh3 f6 31. Qe6+ Qxe6 32. Rxe6 1-0

[Event "DVM U12 2015"]
[Site "Magdeburg GER"]
[Date "2015.12.28"]
[Round "3"]
[White "Burghoff, Elias"]
[Black "Krastev, Alexander"]
[Result "0-1"]
[Termination "normal"]
[Board "5.1"]
[WhiteElo "1323"]
[BlackElo "1925"]
[WhiteTeam "TSG Apolda"]
[BlackTeam "Biebertaler SF"]
[PlyCount "80"]
[BlackFideId "12989983"]
[EventCountry "GER"]
[EventRounds "7"]
[EventType "team-swiss"]
[EventDate "2015.12.26"]

1. e4 e5 2. Nf3 Nc6 3. Bc4 Bc5 4. d3 Nf6 5. Bg5 h6 6. Bh4 Be7 7. c3 d6 8. h3
O-O 9. Nbd2 Na5 10. Qe2 Nh5 11. Bxe7 Qxe7 12. g3 a6 13. Bb3 b5 14. Bd5 c6 15.
Bb3 Nxb3 16. Nxb3 c5 17. Rc1 Nf6 18. g4 h5 19. Nh2 hxg4 20. hxg4 Nh7 21. f3 Ng5
22. Nf1 f6 23. Qe3 Be6 24. Ng3 c4 25. dxc4 bxc4 26. Na1 Rab8 27. Rc2 d5 28. Nf5
Bxf5 29. gxf5 d4 30. cxd4 exd4 31. Qf2 Qb4+ 32. Kd1 d3 33. Rd2 c3 34. b3 cxd2
35. Qxd2 Qxd2+ 36. Kxd2 Rfd8 37. Rf1 Kf7 38. a3 a5 39. a4 Rb4 40. f4 Nxe4+ 0-1

[Event "DVM U12 2015"]
[Site "Magdeburg GER"]
[Date "2015.12.28"]
[Round "3"]
[White "Liebeskind, Pascal"]
[Black "Engert, Kiyan"]
[Result "0-1"]
[Termination "normal"]
[Board "5.3"]
[WhiteElo "1654"]
[BlackElo "1472"]
[WhiteTeam "TSG Apolda"]
[BlackTeam "Biebertaler SF"]
[PlyCount "121"]
[WhiteFideId "16212380"]
[BlackFideId "16214870"]
[EventCountry "GER"]
[EventRounds "7"]
[EventType "team-swiss"]
[EventDate "2015.12.26"]

1. d4 Nf6 2. Nf3 e6 3. Bf4 c5 4. e3 b6 5. Bd3 Bb7 6. Nbd2 Be7 7. c3 O-O 8. h3
h6 9. Qe2 d5 10. Ne5 Bd6 11. Bh2 Nc6 12. f4 cxd4 13. exd4 Nd7 14. O-O-O Rc8 15.
Kb1 a5 16. Nxd7 Qxd7 17. Qh5 Qc7 18. Rhf1 f5 19. Rde1 Rce8 20. Qg6 Qe7 21. Nf3
Rf6 22. Qh5 Qf7 23. Qxf7+ Rxf7 24. Nh4 Rfe7 25. Ng6 Rf7 26. g3 Kh7 27. Nh4 g6
28. Re2 Nd8 29. Rfe1 Bc6 30. g4 Rfe7 31. c4 dxc4 32. Bxc4 Be4+ 33. Ka1 Rc7 34.
Bb5 Rf8 35. g5 Nc6 36. Bxc6 Rxc6 37. gxh6 Rfc8 38. a3 Kxh6 39. Ng2 Rc1+ 40.
Rxc1 Rxc1+ 41. Ka2 Bd5+ 42. b3 a4 43. Kb2 Rh1 44. Ne3 Bxb3 45. h4 b5 46. Bg3 b4
47. Nc2 bxa3+ 48. Nxa3 Rf1 49. Nb1 Bxf4 50. Bxf4+ Rxf4 51. Nd2 Rxd4 52. Nxb3
axb3 53. Kxb3 Rxh4 54. Rxe6 Re4 55. Rf6 Kg5 56. Rf8 Kf4 57. Rh8 g5 58. Rh5 Kg4
59. Rh1 f4 60. Rg1+ Kf5 61. Kc3 0-1

[Event "DVM U12 2015"]
[Site "Magdeburg GER"]
[Date "2015.12.28"]
[Round "3"]
[White "Peschel, Julia"]
[Black "Kroh, Christian"]
[Result "0-1"]
[Termination "normal"]
[Board "5.4"]
[WhiteElo "1044"]
[BlackElo "1438"]
[WhiteTeam "Biebertaler SF"]
[BlackTeam "TSG Apolda"]
[PlyCount "76"]
[WhiteFideId "16255593"]
[BlackFideId "12995606"]
[EventCountry "GER"]
[EventRounds "7"]
[EventType "team-swiss"]
[EventDate "2015.12.26"]

1. e4 e5 2. Nf3 Nf6 3. Nc3 Nc6 4. Bc4 Be7 5. d3 d6 6. Be3 Bg4 7. h3 Bh5 8. Qe2
Qd7 9. Bb3 a6 10. a3 b5 11. g4 Bg6 12. Nh4 Rb8 13. Nxg6 hxg6 14. Qf3 Nd8 15.
Ne2 c5 16. Qg3 Nxg4 17. f4 Bh4 18. O-O-O Bxg3 19. hxg4 Rxh1 20. Rxh1 Qxg4 21.
Kd2 exf4 22. Bg1 f3 23. Nxg3 Qxg3 24. Rh8+ Ke7 25. Be3 Qg2+ 26. Kc3 f2 27. Bxf2
Qxf2 28. Rg8 a5 29. Rxg7 Qd4+ 30. Kd2 Qxg7 31. c3 b4 32. axb4 axb4 33. Kc2 bxc3
34. bxc3 Rxb3 35. Kxb3 Nc6 36. Kc4 Ne5+ 37. Kd5 Nxd3 38. c4 Nb4# 0-1

[Event "DVM U12 2015"]
[Site "Magdeburg GER"]
[Date "2015.12.28"]
[Round "3"]
[White "Jakob, Georg"]
[Black "Bosselmann, Tom Linus"]
[Result "0-1"]
[Termination "normal"]
[Board "6.1"]
[WhiteElo "1459"]
[BlackElo "1789"]
[WhiteTeam "SG Königskinder Hohentübingen"]
[BlackTeam "Lübecker SV von 1873"]
[PlyCount "80"]
[WhiteFideId "16224221"]
[BlackFideId "12983845"]
[EventCountry "GER"]
[EventRounds "7"]
[EventType "team-swiss"]
[EventDate "2015.12.26"]

1. e4 e5 2. Nf3 Nc6 3. Bb5 Nge7 4. O-O g6 5. Nc3 Bg7 6. Re1 O-O 7. d3 d6 8. Bg5
Be6 9. Qc1 Qc8 10. Bh6 f5 11. Bxg7 Kxg7 12. Ng5 f4 13. Nxe6+ Qxe6 14. f3 g5 15.
Qd2 g4 16. Qf2 Nd4 17. Bc4 Qg6 18. Nb5 g3 19. Qd2 gxh2+ 20. Kh1 Nxb5 21. Bxb5
Rf6 22. Bd7 h5 23. Bh3 Qg3 24. d4 Ng6 25. d5 Nh4 26. Rf1 Rg6 27. Qf2 Qg5 28.
Kxh2 Qf6 29. Rg1 Rg3 30. c4 Ng6 31. b3 Qh4 32. Qe1 Kh6 33. Qb4 b6 34. a4 a5 35.
Qd2 Nf8 36. Ra2 Nh7 37. Qd1 Rag8 38. Qf1 Ng5 39. Rf2 Nxh3 40. gxh3 Rxg1 0-1

[Event "DVM U12 2015"]
[Site "Magdeburg GER"]
[Date "2015.12.28"]
[Round "3"]
[White "Rietschel, Tilo"]
[Black "Wang, Xinyuan"]
[Result "1-0"]
[Termination "normal"]
[Board "6.2"]
[WhiteElo "1692"]
[BlackElo "1255"]
[WhiteTeam "Lübecker SV von 1873"]
[BlackTeam "SG Königskinder Hohentübingen"]
[PlyCount "93"]
[WhiteFideId "16208390"]
[BlackFideId "16221494"]
[EventCountry "GER"]
[EventRounds "7"]
[EventType "team-swiss"]
[EventDate "2015.12.26"]

1. Nf3 c5 2. c4 Nf6 3. g3 g6 4. Bg2 Bg7 5. Nc3 Nc6 6. O-O d5 7. cxd5 Nxd5 8. a3
O-O 9. Qc2 e5 10. d3 Nd4 11. Nxd4 Nxc3 12. Nb3 Nd5 13. Nxc5 Be6 14. Nxe6 fxe6
15. Qb3 Qd7 16. Bd2 Rf6 17. Rac1 Raf8 18. Bb4 Nxb4 19. Qxb4 Qf7 20. Bf3 b6 21.
Qd6 Bh6 22. Rc7 Qe8 23. Rxa7 g5 24. Qxb6 Qg6 25. Qb4 g4 26. Qxg4 Qxg4 27. Bxg4
Be3 28. Rc7 Bxf2+ 29. Kg2 Be3 30. Rxf6 Rxf6 31. Bf3 Bd4 32. b4 h6 33. a4 Bb6
34. Rb7 Bd4 35. a5 Rf8 36. b5 Rc8 37. b6 Rc1 38. a6 Rg1+ 39. Kh3 Bxb6 40. Rxb6
Ra1 41. Bc6 Ra2 42. Bb5 Rxe2 43. a7 Kf7 44. Rb7+ Kf6 45. a8=Q Kg5 46. Rg7+ Kh5
47. g4# 1-0

[Event "DVM U12 2015"]
[Site "Magdeburg GER"]
[Date "2015.12.28"]
[Round "3"]
[White "Aptyka, Tim"]
[Black "Silini, Jalel"]
[Result "0-1"]
[Termination "normal"]
[Board "6.3"]
[WhiteElo "1298"]
[BlackElo "1187"]
[WhiteTeam "SG Königskinder Hohentübingen"]
[BlackTeam "Lübecker SV von 1873"]
[PlyCount "118"]
[WhiteFideId "16255860"]
[BlackFideId "16215397"]
[EventCountry "GER"]
[EventRounds "7"]
[EventType "team-swiss"]
[EventDate "2015.12.26"]

1. d4 d5 2. c4 c6 3. Nf3 Nf6 4. e3 Bg4 5. Nbd2 Nbd7 6. h3 Bf5 7. cxd5 cxd5 8.
Qa4 a6 9. Qb3 Qc7 10. Bd3 Bxd3 11. Qxd3 e6 12. O-O Bd6 13. e4 dxe4 14. Nxe4
Nxe4 15. Qxe4 Nf6 16. Qd3 O-O 17. Bg5 Nd5 18. Rac1 Qb6 19. Rc2 Nb4 20. Qb3 Qa5
21. Bd2 Qxa2 22. Qxa2 Nxa2 23. Rc4 a5 24. Ng5 Nb4 25. Ne4 b5 26. Rxb4 Bxb4 27.
Bxb4 axb4 28. Nd6 Ra2 29. Rb1 Rfa8 30. Rc1 Ra1 31. Rxa1 Rxa1+ 32. Kh2 Rb1 33.
Nxb5 Rxb2 34. Kg3 Rd2 35. Kf3 b3 36. Ke3 Rc2 37. Na3 Ra2 38. Nc4 b2 39. Nd2 Ra1
40. g4 b1=Q 41. Nxb1 Rxb1 42. h4 Rb3+ 43. Ke4 f6 44. f4 Rh3 45. h5 Rg3 46. d5
exd5+ 47. Kxd5 Rxg4 48. Ke4 Kf7 49. Kf5 Rg1 50. h6 g6+ 51. Ke4 Ke6 52. Kf3 Kf5
53. Kf2 Ra1 54. Kf3 Ra3+ 55. Kg2 Kxf4 56. Kh2 Rg3 57. Kh1 Kf3 58. Kh2 Kf2 59.
Kh1 Rh3# 0-1

[Event "DVM U12 2015"]
[Site "Magdeburg GER"]
[Date "2015.12.28"]
[Round "3"]
[White "Maas, Kolja"]
[Black "Dunder, Tim"]
[Result "1-0"]
[Termination "normal"]
[Board "6.4"]
[WhiteElo "1139"]
[BlackElo "922"]
[WhiteTeam "Lübecker SV von 1873"]
[BlackTeam "SG Königskinder Hohentübingen"]
[PlyCount "71"]
[WhiteFideId "16220420"]
[EventCountry "GER"]
[EventRounds "7"]
[EventType "team-swiss"]
[EventDate "2015.12.26"]

1. e4 c5 2. Nf3 a6 3. d4 cxd4 4. Nxd4 Nf6 5. Nc3 e5 6. Nb3 Bb4 7. Bg5 Qc7 8.
Bd2 Bxc3 9. Bxc3 Nxe4 10. Qd3 Nf6 11. Qg3 Nc6 12. Qxg7 Rg8 13. Qxf6 Rg6 14.
Qh8+ Ke7 15. Qxh7 d6 16. Bc4 Be6 17. Bxe6 Rxe6 18. Bd2 d5 19. O-O Qd7 20. Nc5
Qe8 21. Nxe6 Kxe6 22. Qh6+ Kd7 23. Rad1 Nd4 24. Bc3 Nxc2 25. Rxd5+ Kc7 26. Qd6+
Kc8 27. Rc5+ Qc6 28. Rxc6+ bxc6 29. Qxc6+ Kd8 30. Qxa8+ Ke7 31. Qb7+ Kf6 32.
Qc6+ Ke7 33. Bxe5 Nb4 34. Qd6+ Ke8 35. Bf6 Nd5 36. Qd8# 1-0

[Event "DVM U12 2015"]
[Site "Magdeburg GER"]
[Date "2015.12.28"]
[Round "3"]
[White "Wu, Leon"]
[Black "Stirnberg, Noah"]
[Result "1-0"]
[Termination "normal"]
[Board "7.1"]
[WhiteElo "1753"]
[BlackElo "1688"]
[WhiteTeam "SK Mannheim-Lindenhof 1865"]
[BlackTeam "SK Blauer Springer Paderborn 1926"]
[PlyCount "113"]
[WhiteFideId "12977438"]
[BlackFideId "16207742"]
[EventCountry "GER"]
[EventRounds "7"]
[EventType "team-swiss"]
[EventDate "2015.12.26"]

1. e4 c5 2. Nf3 d6 3. d3 Nf6 4. g3 Nc6 5. Bg2 g6 6. O-O Bg7 7. Re1 Bg4 8. Nbd2
Qc8 9. c3 O-O 10. a4 a6 11. Qc2 Bh3 12. Nc4 Bxg2 13. Kxg2 Qc7 14. Bd2 b5 15.
axb5 axb5 16. Ne3 e6 17. d4 Nd7 18. d5 Nce5 19. Nxe5 Nxe5 20. Rxa8 Rxa8 21.
dxe6 fxe6 22. Qb3 Qd7 23. Rd1 c4 24. Qc2 Nd3 25. b3 d5 26. exd5 exd5 27. Kg1
Ra6 28. Ng2 Qa7 29. Be3 Ra2 30. Qxd3 cxd3 31. Bxa7 Rxa7 32. Nf4 d4 33. cxd4
Bxd4 34. Rxd3 Bb6 35. Rd6 Ra1+ 36. Kg2 Ba7 37. Rd8+ Kf7 38. Rd7+ Kg8 39. Nd5 h6
40. Ne7+ Kf8 41. Nxg6+ Ke8 42. Re7+ Kd8 43. Kf3 Ra2 44. Re2 Ra3 45. Rb2 Ke8 46.
Ke4 Ra1 47. f4 Rd1 48. Rc2 Rd4+ 49. Kf5 Rd3 50. Ne5 Rd8 51. Nc6 Rd7 52. Nxa7
Rxa7 53. Rc5 Rb7 54. g4 Kf7 55. h4 Rb6 56. g5 h5 57. g6+ 1-0

[Event "DVM U12 2015"]
[Site "Magdeburg GER"]
[Date "2015.12.28"]
[Round "3"]
[White "Brockhoff, Moritz"]
[Black "Wu, Luka"]
[Result "0-1"]
[Termination "normal"]
[Board "7.2"]
[WhiteElo "1497"]
[BlackElo "1710"]
[WhiteTeam "SK Blauer Springer Paderborn 1926"]
[BlackTeam "SK Mannheim-Lindenhof 1865"]
[PlyCount "182"]
[WhiteFideId "16214927"]
[BlackFideId "12977420"]
[EventCountry "GER"]
[EventRounds "7"]
[EventType "team-swiss"]
[EventDate "2015.12.26"]

1. d4 d5 2. Bf4 Nf6 3. Nf3 e6 4. e3 Bd6 5. Bg3 c5 6. c3 Nc6 7. b3 O-O 8. Bd3
Ne4 9. Qc2 f5 10. Nbd2 Qc7 11. Bxe4 dxe4 12. Bxd6 Qxd6 13. Nc4 Qc7 14. Nfe5
cxd4 15. exd4 Ne7 16. Ne3 Rd8 17. Rc1 b6 18. O-O Ba6 19. Rfd1 Rac8 20. g3 b5
21. h4 Nc6 22. Nxc6 Qxc6 23. Kh2 Qd6 24. Ng2 h6 25. Qd2 Qe7 26. Nf4 Kf7 27. Qe2
g6 28. h5 g5 29. Ng6 Qd6 30. Ne5+ Kf6 31. g4 Qb6 32. f3 exf3 33. Qxf3 Bb7 34.
Qf2 Be4 35. gxf5 Bxf5 36. Qf3 Qc7 37. Kg1 Kg7 38. c4 bxc4 39. Rxc4 Qb6 40. Qc3
Rxc4 41. Qxc4 Kf6 42. Kf1 a5 43. Qc3 Qa6+ 44. Nc4 Rd5 45. Re1 Qa7 46. Rd1 Bg4
47. Rd2 Qa6 48. Rf2+ Bf5 49. Ke1 Qa7 50. Rd2 Qc7 51. Qf3 Kg7 52. Ne3 Qc1+ 53.
Rd1 Qc3+ 54. Ke2 Qc8 55. Nxd5 exd5 56. Rg1 Qc2+ 57. Ke3 Be4 58. Qg4 Qd3+ 59.
Kf2 Qxd4+ 60. Ke1 Qe3+ 61. Kf1 Qd3+ 62. Qe2 Qh3+ 63. Ke1 Qc3+ 64. Kf2 Qe5 65.
Rg4 Kh7 66. Qe3 Qf5+ 67. Kg3 Qe5+ 68. Kf2 Qf5+ 69. Kg3 Qf7 70. Qc3 d4 71. Qc1
Qf3+ 72. Kh2 Qf2+ 73. Kh3 Bg2+ 74. Kh2 Bf1+ 75. Kh1 Qf3+ 76. Kg1 Qxg4+ 77. Kxf1
Qf4+ 78. Qxf4 gxf4 79. a3 Kg7 80. b4 axb4 81. axb4 Kf7 82. Ke2 Ke7 83. Kd3 f3
84. Kd2 Kd6 85. Ke1 d3 86. Kf1 d2 87. Kg1 d1=Q+ 88. Kh2 f2 89. b5 f1=R 90. b6
Qf3 91. b7 Rh1# 0-1

[Event "DVM U12 2015"]
[Site "Magdeburg GER"]
[Date "2015.12.28"]
[Round "3"]
[White "Hardt, Anton"]
[Black "Janke, Julian"]
[Result "0-1"]
[Termination "normal"]
[Board "7.3"]
[WhiteElo "1270"]
[BlackElo "1127"]
[WhiteTeam "SK Mannheim-Lindenhof 1865"]
[BlackTeam "SK Blauer Springer Paderborn 1926"]
[PlyCount "124"]
[WhiteFideId "16239466"]
[BlackFideId "16229185"]
[EventCountry "GER"]
[EventRounds "7"]
[EventType "team-swiss"]
[EventDate "2015.12.26"]

1. e4 d5 2. exd5 Qxd5 3. Nc3 Qd8 4. d4 Nf6 5. Nf3 e6 6. Bc4 Be7 7. O-O a6 8. a4
O-O 9. Bg5 b6 10. Re1 Bb7 11. Ne5 Kh8 12. d5 exd5 13. Nxd5 Nxd5 14. Bxe7 Qxe7
15. Ng6+ fxg6 16. Rxe7 Nxe7 17. Qe2 Nf5 18. Rd1 Nc6 19. c3 Rae8 20. Qf1 Ne3 21.
fxe3 Rxf1+ 22. Rxf1 h6 23. Bf7 Rf8 24. Bxg6 Rxf1+ 25. Kxf1 Ne5 26. Bh5 Nc4 27.
b4 Nxe3+ 28. Kf2 Nxg2 29. Bf3 Bxf3 30. Kxf3 Nh4+ 31. Ke4 g5 32. c4 Kg7 33. a5
bxa5 34. b5 axb5 35. cxb5 a4 36. Kd4 a3 37. Kc3 a2 38. Kb2 Kf7 39. Kxa2 Ke7 40.
Kb3 Kd6 41. Kc4 Ng6 42. Kd4 Ne5 43. h3 g4 44. hxg4 Nxg4 45. Ke4 Kc5 46. Kf4
Kxb5 47. Kxg4 c5 48. Kf4 c4 49. Ke3 h5 50. Kf3 Kb4 51. Kf4 c3 52. Kg5 c2 53.
Kxh5 c1=Q 54. Kg4 Qf1 55. Kg5 Kc5 56. Kg4 Kd4 57. Kg5 Ke5 58. Kg6 Qf5+ 59. Kg7
Qf6+ 60. Kh7 Qg5 61. Kh8 Kf6 62. Kh7 Qg7# 0-1

[Event "DVM U12 2015"]
[Site "Magdeburg GER"]
[Date "2015.12.28"]
[Round "3"]
[White "Matthiessen, Linus"]
[Black "Gündel, Marius"]
[Result "1-0"]
[Termination "normal"]
[Board "7.4"]
[WhiteElo "1237"]
[BlackElo "1146"]
[WhiteTeam "SK Blauer Springer Paderborn 1926"]
[BlackTeam "SK Mannheim-Lindenhof 1865"]
[PlyCount "109"]
[WhiteFideId "16222555"]
[EventCountry "GER"]
[EventRounds "7"]
[EventType "team-swiss"]
[EventDate "2015.12.26"]

1. d4 d5 2. Bf4 Nf6 3. e3 e6 4. Nf3 Bd6 5. Bg3 c5 6. c3 Nc6 7. Ne5 Bxe5 8. Bxe5
Nxe5 9. dxe5 Nd7 10. Qa4 O-O 11. Qf4 Qc7 12. Qh4 Qxe5 13. Bd3 Nf6 14. O-O b6
15. Re1 Bb7 16. Nd2 Rad8 17. Rad1 Rfe8 18. Re2 c4 19. Bc2 Qh5 20. Qxh5 Nxh5 21.
Rde1 Nf6 22. e4 dxe4 23. Nxe4 Nxe4 24. Bxe4 Bxe4 25. Rxe4 Rd2 26. R4e2 Red8 27.
Kf1 Kf8 28. b3 cxb3 29. axb3 Ke7 30. Ra1 Rd1+ 31. Re1 Rxe1+ 32. Kxe1 Rd3 33.
Rxa7+ Kd6 34. Rxf7 Rxc3 35. Rxg7 Rxb3 36. Rxh7 Kc5 37. g4 Kb4 38. g5 Rb1+ 39.
Ke2 Ka3 40. g6 Rg1 41. Ra7+ Kb4 42. g7 b5 43. h4 Kc3 44. h5 b4 45. h6 b3 46. h7
b2 47. h8=Q b1=Q 48. g8=Q+ Kc2 49. Rc7+ Kb3 50. Rb7+ Kc2 51. Rxb1 Rg7 52. Qc8+
Kxb1 53. Qh1+ Kb2 54. Qhc1+ Kb3 55. Q8c4# 1-0

[Event "DVM U12 2015"]
[Site "Magdeburg GER"]
[Date "2015.12.28"]
[Round "3"]
[White "Liebold, Aaron"]
[Black "Brunner, Sophia"]
[Result "1-0"]
[Termination "normal"]
[Board "8.1"]
[WhiteElo "1666"]
[BlackElo "1585"]
[WhiteTeam "ESV Gera"]
[BlackTeam "Hagener SV"]
[PlyCount "95"]
[WhiteFideId "12997846"]
[BlackFideId "12960683"]
[EventCountry "GER"]
[EventRounds "7"]
[EventType "team-swiss"]
[EventDate "2015.12.26"]

1. e4 d5 2. exd5 Qxd5 3. Nc3 Qa5 4. d4 Nf6 5. Bf4 Qb6 6. Qd2 c6 7. Na4 Qd8 8.
Nf3 Bf5 9. Bd3 Bxd3 10. Qxd3 e6 11. O-O Be7 12. Nc3 O-O 13. Ne4 Nxe4 14. Qxe4
Qd5 15. Rfe1 Qxe4 16. Rxe4 Nd7 17. Rd1 Nf6 18. Re2 Rfd8 19. Red2 h6 20. h3 Bd6
21. Be5 Rd7 22. Bxf6 gxf6 23. Ne5 Bxe5 24. dxe5 Rxd2 25. Rxd2 fxe5 26. Rd7 b6
27. Kf1 Kf8 28. Ke2 Ke8 29. Rc7 c5 30. Ke3 Rd8 31. Rxa7 Rd7 32. Rxd7 Kxd7 33.
Ke4 Kd6 34. g4 f6 35. h4 h5 36. f3 f5+ 37. gxf5 exf5+ 38. Kxf5 Kd5 39. Kg5 Kd4
40. Kxh5 Ke3 41. Kg4 e4 42. fxe4 Kxe4 43. Kg5 Ke3 44. h5 Kd2 45. h6 Kxc2 46. h7
Kxb2 47. h8=Q+ Kxa2 48. Qc3 1-0

[Event "DVM U12 2015"]
[Site "Magdeburg GER"]
[Date "2015.12.28"]
[Round "3"]
[White "Scheidt, Mike Niklas"]
[Black "Schubert, Nikita"]
[Result "1/2-1/2"]
[Termination "normal"]
[Board "8.2"]
[WhiteElo "1393"]
[BlackElo "1652"]
[WhiteTeam "Hagener SV"]
[BlackTeam "ESV Gera"]
[PlyCount "65"]
[WhiteFideId "12965235"]
[BlackFideId "16212339"]
[EventCountry "GER"]
[EventRounds "7"]
[EventType "team-swiss"]
[EventDate "2015.12.26"]

1. d4 Nf6 2. Bf4 e6 3. Nc3 Bb4 4. f3 d5 5. Qd2 b6 6. O-O-O O-O 7. g4 c5 8. e3
Na6 9. h4 Bxc3 10. Qxc3 Nb4 11. Kb1 Qe7 12. h5 Ne8 13. g5 f6 14. Nh3 c4 15. e4
Bb7 16. a3 Na6 17. Re1 Rc8 18. Rg1 Kh8 19. e5 f5 20. Re2 Rg8 21. Reg2 Qf8 22.
Qe1 Rc7 23. Bd2 Bc8 24. Nf4 g6 25. hxg6 hxg6 26. Rh2+ Rh7 27. Rgh1 Rxh2 28.
Rxh2+ Kg7 29. Qh4 Kf7 30. Qg3 Rh8 31. Rxh8 Qxh8 32. Bh3 Bd7 33. Ng2 1/2-1/2

[Event "DVM U12 2015"]
[Site "Magdeburg GER"]
[Date "2015.12.28"]
[Round "3"]
[White "Schulter, Moritz"]
[Black "Schmidt, Paul"]
[Result "0-1"]
[Termination "normal"]
[Board "8.3"]
[WhiteElo "1220"]
[BlackElo "1504"]
[WhiteTeam "ESV Gera"]
[BlackTeam "Hagener SV"]
[PlyCount "112"]
[WhiteFideId "16245067"]
[BlackFideId "16214137"]
[EventCountry "GER"]
[EventRounds "7"]
[EventType "team-swiss"]
[EventDate "2015.12.26"]

1. e4 d5 2. exd5 Qxd5 3. Nc3 Qa5 4. d4 Nf6 5. Nf3 Bg4 6. Be2 c6 7. Bd2 Qc7 8.
Bf4 Qxf4 9. h3 Bxf3 10. Bxf3 e6 11. g3 Qc7 12. O-O Bd6 13. Kg2 Nbd7 14. Re1 O-O
15. Qd3 Rfe8 16. Ne4 Nxe4 17. Rxe4 Nf6 18. Rh4 Be7 19. Re1 Rad8 20. c3 e5 21.
Qc4 e4 22. Bxe4 Nxe4 23. Rhxe4 Qd7 24. Qe2 Kf8 25. Qh5 h6 26. Qe2 Bf6 27. Re3
Bg5 28. f4 Bf6 29. Rxe8+ Rxe8 30. Qxe8+ Qxe8 31. Rxe8+ Kxe8 32. Kf3 Kd7 33. Ke4
Ke6 34. f5+ Kd6 35. c4 b6 36. a4 c5 37. dxc5+ Kxc5 38. b3 Kb4 39. Kd5 Kxb3 40.
Kc6 Kxa4 41. Kb7 a5 42. Kxb6 Kb4 43. c5 Bd4 44. g4 Bxc5+ 45. Kc6 a4 46. Kd7 f6
47. Ke8 Be3 48. Kf7 Bg5 49. Kxg7 a3 50. h4 Bxh4 51. Kxh6 Bg5+ 52. Kh5 a2 53.
Kg6 a1=Q 54. Kh5 Qa8 55. Kg6 Qg8+ 56. Kh5 Qh7# 0-1

[Event "DVM U12 2015"]
[Site "Magdeburg GER"]
[Date "2015.12.28"]
[Round "3"]
[White "Schmidt, Ben"]
[Black "Helmsdorf, Marius"]
[Result "1/2-1/2"]
[Termination "normal"]
[Board "8.4"]
[WhiteElo "1182"]
[BlackElo "1220"]
[WhiteTeam "Hagener SV"]
[BlackTeam "ESV Gera"]
[PlyCount "144"]
[WhiteFideId "16214129"]
[BlackFideId "16274873"]
[EventCountry "GER"]
[EventRounds "7"]
[EventType "team-swiss"]
[EventDate "2015.12.26"]

1. d4 c6 2. Nf3 d5 3. Bf4 Bf5 4. e3 Nf6 5. Bd3 Bg4 6. Nbd2 e6 7. h3 Bh5 8. Be2
Nbd7 9. Ne5 Bxe2 10. Qxe2 Be7 11. c4 Bb4 12. c5 Nxe5 13. Bxe5 O-O 14. a3 Ba5
15. b4 Bc7 16. Nf3 Nd7 17. Bh2 Bxh2 18. Nxh2 Qf6 19. Ng4 Qg6 20. O-O Rfe8 21.
b5 Rab8 22. bxc6 bxc6 23. Qa6 e5 24. Qxa7 Rbd8 25. Rfd1 exd4 26. exd4 Re4 27.
Qc7 Ree8 28. Ne5 Nxe5 29. dxe5 Qe6 30. f4 f5 31. a4 Rc8 32. Qa5 Qh6 33. Qb4 Rb8
34. Qd4 Rb7 35. Rdb1 Reb8 36. Rxb7 Rxb7 37. a5 Ra7 38. Qb4 Qe6 39. Qb8+ Kf7 40.
Qxa7+ Kg6 41. a6 d4 42. Qb6 d3 43. Qb4 Qd5 44. a7 d2 45. Rd1 Qd7 46. a8=R Qd3
47. Qxd2 Qc4 48. Qd6+ Kh5 49. g3 Qe4 50. Kf2 g5 51. Qf6 Qc2+ 52. Ke3 gxf4+ 53.
gxf4 Qxc5+ 54. Kd3 Qd5+ 55. Ke3 Qe4+ 56. Kd2 Qd4+ 57. Kc2 Qc4+ 58. Kb2 Qb4+ 59.
Ka2 Qc4+ 60. Ka3 Qc5+ 61. Kb3 Qb5+ 62. Kc3 Qc5+ 63. Kd2 Qd4+ 64. Ke1 Qe3+ 65.
Kf1 Qf3+ 66. Kg1 Qg3+ 67. Kh1 Qxh3+ 68. Kg1 Qg3+ 69. Kf1 Qf3+ 70. Ke1 Qe3+ 71.
Kf1 Qf3+ 72. Ke1 Qe3+ 1/2-1/2

[Event "DVM U12 2015"]
[Site "Magdeburg GER"]
[Date "2015.12.28"]
[Round "3"]
[White "Schubert, Christoph"]
[Black "Leonard, Timo"]
[Result "0-1"]
[Termination "normal"]
[Board "9.1"]
[WhiteElo "1447"]
[BlackElo "1880"]
[WhiteTeam "USV TU Dresden"]
[BlackTeam "TuS Ende 1892"]
[PlyCount "92"]
[BlackFideId "16208757"]
[EventCountry "GER"]
[EventRounds "7"]
[EventType "team-swiss"]
[EventDate "2015.12.26"]

1. e4 e6 2. d4 d5 3. e5 c5 4. c3 Bd7 5. Nf3 Nc6 6. Be2 cxd4 7. cxd4 Qb6 8. O-O
Nge7 9. Qd3 Rc8 10. a3 Nf5 11. Bd1 Ncxd4 12. Nxd4 Qxd4 13. Qxd4 Nxd4 14. Be3
Bc5 15. Nd2 Nf5 16. Bxc5 Rxc5 17. Nb3 Rc7 18. Bf3 Ke7 19. Rac1 Rhc8 20. Rfd1
Ba4 21. Rxc7+ Rxc7 22. Rc1 Rxc1+ 23. Nxc1 Nd4 24. Kf1 Nxf3 25. gxf3 Kd7 26. Ke2
Kc6 27. Ke3 Kc5 28. b3 Bb5 29. Na2 d4+ 30. Kd2 Kd5 31. a4 Bf1 32. Nb4+ Kxe5 33.
Ke1 Bh3 34. Kd2 Bf5 35. Nd3+ Bxd3 36. Kxd3 Kd5 37. b4 e5 38. h3 f5 39. h4 g6
40. Kd2 Kc4 41. b5 e4 42. Ke2 Kb4 43. fxe4 fxe4 44. f3 e3 45. f4 Kxa4 46. h5
Kxb5 0-1